MIET PUBLIC SCHOOLS

My Big Picture Book of Colour & Shapes (Record no. 11520)

MARC details
000 -LEADER
fixed length control field 00226nam a22001097a 4500
100 ## - MAIN ENTRY--PERSONAL NAME
Personal name Vicky
245 ## - TITLE STATEMENT
Title My Big Picture Book of Colour & Shapes
250 ## - EDITION STATEMENT
Edition statement 2014
260 ## - PUBLICATION, DISTRIBUTION, ETC. (IMPRINT)
Name of publisher, distributor, etc Quixol - Pub.
300 ## - PHYSICAL DESCRIPTION
Extent 32
942 ## - ADDED ENTRY ELEMENTS (KOHA)
Source of classification or shelving scheme Dewey Decimal Classification
Koha item type Books
Holdings
Withdrawn status Lost status Source of classification or shelving scheme Damaged status Not for loan Permanent location Current location Date acquired Source of acquisition Cost, normal purchase price Total Checkouts Barcode Date last seen Bill Date Koha item type Bill Number
    Dewey Decimal Classification     MIET Public School Mawana Road Meerut MIET Public School Mawana Road Meerut 10/09/2014 Gifted 159.00   M02260 09/26/2024 09/26/2024 Books  
opac credits

Powered by Koha